000 00464nam a2200181Ia 4500
008 240925s9999 xx 000 0 und d
020 _a9789332546080
082 _a301 ATA
100 _aAtal, Yogesh
245 0 _aSociology: study of the social sphere
250 _a2nd
260 _aIndia:
_bPearson Education
_c,2015.
300 _a296p.
_b0
_fOriginal
500 _aIncludes Index
600 _aSocial Sciences
650 _aSocial Sciences
942 _cBK
999 _c16307
_d16307